[Event "2025 National K-12 Grade Championship"]
[Site "Spokane, WI USA, United States"]
[Date "2025.12.13"]
[Round "3.5"]
[White "Min, Ryan"]
[Black "Zhao, Erick"]
[Result "0-1"]
[TimeControl "G/90; d10"]
[BlackTitle "IM"]
[WhiteFideId "30951755"]
[BlackFideId "30946930"]
[WhiteElo "2132"]
[BlackElo "2518"]

1. d4 {[%clk 01:30:00]} {[%emt 00:00:01]} Nf6 {[%clk 01:29:58]} {[%emt
00:00:12]} 2. c4 {[%clk 01:30:00]} {[%emt 00:00:05]} e6 {[%clk 01:29:58]}
{[%emt 00:00:06]} 3. Nc3 {[%clk 01:30:00]} {[%emt 00:00:06]} Bb4 {[%clk
01:29:58]} {[%emt 00:00:05]} 4. e3 {[%clk 01:30:00]} {[%emt 00:00:08]} b6
{[%clk 01:29:58]} {[%emt 00:00:09]} 5. Bd3 {[%clk 01:29:56]} {[%emt 00:00:15]}
Bb7 {[%clk 01:29:58]} {[%emt 00:00:06]} 6. f3 {[%clk 01:29:56]} {[%emt
00:00:09]} c5 {[%clk 01:29:58]} {[%emt 00:00:05]} 7. Nge2 {[%clk 01:28:07]}
{[%emt 00:01:59]} cxd4 {[%clk 01:29:20]} {[%emt 00:00:47]} 8. exd4 {[%clk
01:28:07]} {[%emt 00:00:09]} d5 {[%clk 01:29:20]} {[%emt 00:00:04]} 9. O-O
{[%clk 01:21:12]} {[%emt 00:07:04]} dxc4 {[%clk 01:29:20]} {[%emt 00:00:10]} 10.
Bxc4 {[%clk 01:21:12]} {[%emt 00:00:05]} O-O {[%clk 01:29:20]} {[%emt
00:00:05]} 11. Bg5 {[%clk 01:18:34]} {[%emt 00:02:47]} Nc6 {[%clk 01:27:10]}
{[%emt 00:02:19]} 12. Bb3 {[%clk 01:14:59]} {[%emt 00:03:47]} Be7 {[%clk
01:24:50]} {[%emt 00:02:27]} 13. a3 {[%clk 01:09:59]} {[%emt 00:05:13]} Rc8
{[%clk 01:18:07]} {[%emt 00:06:52]} 14. Qd3 {[%clk 01:00:31]} {[%emt 00:09:37]}
h6 {[%clk 01:02:35]} {[%emt 00:15:44]} 15. Bh4 {[%clk 00:58:05]} {[%emt
00:02:36]} Ne5 {[%clk 01:00:53]} {[%emt 00:01:51]} 16. Qb5 {[%clk 00:55:19]}
{[%emt 00:02:57]} Ng6 {[%clk 01:00:53]} {[%emt 00:00:02]} 17. Bf2 {[%clk
00:55:09]} {[%emt 00:00:20]} a6 {[%clk 00:59:54]} {[%emt 00:01:09]} 18. Qd3
{[%clk 00:54:57]} {[%emt 00:00:22]} Ne5 {[%clk 00:59:54]} {[%emt 00:00:11]} 19.
Qc2 {[%clk 00:48:15]} {[%emt 00:06:51]} Nc4 {[%clk 00:59:40]} {[%emt 00:00:23]}
20. Bxc4 {[%clk 00:48:15]} {[%emt 00:00:07]} Rxc4 {[%clk 00:59:40]} {[%emt
00:00:07]} 21. Qb3 {[%clk 00:48:04]} {[%emt 00:00:21]} Rc8 {[%clk 00:56:42]}
{[%emt 00:03:08]} 22. Rac1 {[%clk 00:45:26]} {[%emt 00:02:48]} b5 {[%clk
00:55:58]} {[%emt 00:00:55]} 23. Nf4 {[%clk 00:42:48]} {[%emt 00:02:47]} Bd6
{[%clk 00:47:08]} {[%emt 00:09:00]} 24. Nd3 {[%clk 00:42:36]} {[%emt 00:00:21]}
Bd5 {[%clk 00:47:08]} {[%emt 00:00:04]} 25. Nxd5 {[%clk 00:40:32]} {[%emt
00:02:13]} Nxd5 {[%clk 00:47:08]} {[%emt 00:00:05]} 26. Nc5 {[%clk 00:30:41]}
{[%emt 00:10:01]} Qg5 {[%clk 00:43:14]} {[%emt 00:04:02]} 27. Rc2 {[%clk
00:25:20]} {[%emt 00:05:33]} Bf4 {[%clk 00:36:43]} {[%emt 00:06:41]} 28. Nxa6
{[%clk 00:19:44]} {[%emt 00:05:45]} Qh5 {[%clk 00:35:06]} {[%emt 00:01:48]} 29.
h3 {[%clk 00:17:41]} {[%emt 00:02:13]} Rxc2 {[%clk 00:32:58]} {[%emt 00:02:18]}
30. Qxc2 {[%clk 00:17:41]} {[%emt 00:00:04]} Ne3 {[%clk 00:32:58]} {[%emt
00:00:06]} 31. Bxe3 {[%clk 00:13:45]} {[%emt 00:04:07]} Bxe3+ {[%clk 00:32:53]}
{[%emt 00:00:16]} 32. Kh1 {[%clk 00:13:45]} {[%emt 00:00:04]} Bxd4 {[%clk
00:32:53]} {[%emt 00:00:04]} 33. Nc7 {[%clk 00:10:22]} {[%emt 00:03:32]} Rc8
{[%clk 00:30:33]} {[%emt 00:02:29]} 34. Qd3 {[%clk 00:09:48]} {[%emt 00:00:46]}
Qc5 {[%clk 00:27:32]} {[%emt 00:03:08]} 35. Nxb5 {[%clk 00:09:26]} {[%emt
00:00:34]} Bxb2 {[%emt 00:03:10]} 36. Rb1 {[%clk 00:06:31]} Be5 {[%clk
00:27:32]} {[%emt 00:00:05]} 37. Qe4 {[%clk 00:05:59]} {[%emt 00:00:42]} Qxb5
{[%clk 00:26:43]} {[%emt 00:00:59]} 38. f4 {[%clk 00:05:17]} {[%emt 00:00:51]}
Bxf4 {[%clk 00:26:43]} 0-1

[Event "2025 National K-12 Grade Championship"]
[Site "Spokane, WI USA, United States"]
[Date "2025.12.13"]
[Round "3.6"]
[White "Shafer, Logan"]
[Black "Yao, Jerry"]
[Result "1/2-1/2"]
[TimeControl "G/90; d10"]
[WhiteTitle "CM"]
[WhiteFideId "30993342"]
[BlackFideId "30979714"]
[WhiteElo "2312"]
[BlackElo "2116"]

1. Nf3 {[%clk 01:30:00]} {[%emt 00:02:17]} d5 {[%clk 01:25:31]} {[%emt
00:04:39]} 2. g3 {[%clk 01:30:00]} {[%emt 00:00:09]} Nf6 {[%clk 01:25:31]}
{[%emt 00:00:08]} 3. Bg2 {[%clk 01:30:00]} {[%emt 00:00:05]} e6 {[%clk
01:25:31]} {[%emt 00:00:07]} 4. O-O {[%clk 01:30:00]} {[%emt 00:00:06]} Be7
{[%clk 01:25:31]} {[%emt 00:00:03]} 5. d4 {[%clk 01:30:00]} {[%emt 00:00:08]}
O-O {[%emt 00:00:09]} 6. c4 {[%clk 01:30:00]} dxc4 {[%clk 01:25:31]} {[%emt
00:00:10]} 7. Qc2 {[%clk 01:30:00]} {[%emt 00:00:04]} a6 {[%clk 01:25:31]}
{[%emt 00:00:03]} 8. a4 {[%clk 01:30:00]} {[%emt 00:00:05]} Bd7 {[%clk
01:25:00]} {[%emt 00:00:42]} 9. Qxc4 {[%clk 01:30:00]} {[%emt 00:00:09]} Bc6
{[%clk 01:25:00]} {[%emt 00:00:06]} 10. Bf4 {[%clk 01:27:38]} {[%emt 00:02:32]}
Bd6 {[%clk 01:25:00]} {[%emt 00:00:09]} 11. Qc1 {[%clk 01:23:00]} {[%emt
00:04:47]} a5 {[%clk 01:24:31]} {[%emt 00:00:39]} 12. Nc3 {[%clk 01:22:42]}
{[%emt 00:00:29]} Na6 {[%clk 01:24:31]} {[%emt 00:00:08]} 13. Nb5 {[%clk
01:11:52]} {[%emt 00:11:00]} Qd7 {[%clk 01:03:27]} {[%emt 00:21:14]} 14. Ne5
{[%clk 01:03:24]} {[%emt 00:08:39]} Bxe5 {[%clk 01:02:29]} {[%emt 00:01:08]} 15.
Bxe5 {[%clk 01:02:35]} {[%emt 00:00:58]} Bxg2 {[%clk 00:57:44]} {[%emt
00:04:55]} 16. Kxg2 {[%clk 01:02:35]} {[%emt 00:00:03]} Nd5 {[%clk 00:52:56]}
{[%emt 00:04:58]} 17. Rd1 {[%clk 00:58:22]} {[%emt 00:04:23]} f6 {[%clk
00:43:29]} {[%emt 00:09:38]} 18. Bf4 {[%clk 00:58:22]} {[%emt 00:00:09]} Nxf4+
{[%clk 00:42:51]} {[%emt 00:00:48]} 19. Qxf4 {[%clk 00:58:13]} {[%emt
00:00:19]} c6 {[%clk 00:37:46]} {[%emt 00:05:15]} 20. Nc3 {[%clk 00:54:17]}
{[%emt 00:04:06]} Nb4 {[%clk 00:34:24]} {[%emt 00:03:32]} 21. Rac1 {[%clk
00:51:29]} {[%emt 00:02:58]} Nd5 {[%clk 00:30:51]} {[%emt 00:03:42]} 22. Qd2
{[%clk 00:51:14]} {[%emt 00:00:25]} Nxc3 {[%clk 00:30:00]} {[%emt 00:01:01]} 23.
Qxc3 {[%clk 00:50:37]} {[%emt 00:00:47]} Rfd8 {[%clk 00:27:17]} {[%emt
00:02:54]} 24. Rd3 {[%clk 00:49:57]} {[%emt 00:00:49]} Ra6 {[%clk 00:25:28]}
{[%emt 00:02:00]} 25. e4 {[%clk 00:48:27]} {[%emt 00:01:40]} c5 {[%clk
00:22:40]} {[%emt 00:02:58]} 26. Rcd1 {[%clk 00:44:04]} {[%emt 00:04:32]} Qxa4
{[%clk 00:22:39]} {[%emt 00:00:11]} 27. b3 {[%clk 00:43:59]} {[%emt 00:00:16]}
Qb4 {[%clk 00:17:22]} {[%emt 00:05:27]} 28. Qxc5 {[%clk 00:43:46]} {[%emt
00:00:23]} Qxc5 {[%clk 00:17:22]} {[%emt 00:00:04]} 29. dxc5 {[%clk 00:43:46]}
{[%emt 00:00:02]} Rxd3 {[%clk 00:17:17]} {[%emt 00:00:16]} 30. Rxd3 {[%clk
00:43:46]} {[%emt 00:00:02]} Rc6 {[%clk 00:17:04]} {[%emt 00:00:22]} 31. Rd7
{[%clk 00:43:13]} {[%emt 00:00:43]} b6 {[%clk 00:16:57]} {[%emt 00:00:18]} 32.
cxb6 {[%clk 00:43:12]} {[%emt 00:00:10]} Rxb6 {[%clk 00:16:57]} {[%emt
00:00:04]} 33. Ra7 {[%clk 00:43:12]} {[%emt 00:00:04]} Rxb3 {[%clk 00:16:57]}
{[%emt 00:00:11]} 34. Rxa5 {[%clk 00:43:12]} {[%emt 00:00:06]} 1/2-1/2

[Event "2025 National K-12 Grade Championship"]
[Site "Spokane, WI USA, United States"]
[Date "2025.12.13"]
[Round "3.8"]
[White "Pothuri, Abhiram Sai"]
[Black "Teitelman, Aiden"]
[Result "1-0"]
[TimeControl "G/90; d10"]
[WhiteFideId "30969263"]
[BlackFideId "30942640"]
[WhiteElo "2185"]
[BlackElo "1952"]

1. e4 {[%clk 01:30:00]} {[%emt 00:00:02]} c5 {[%clk 01:30:00]} {[%emt
00:00:06]} 2. Nf3 {[%clk 01:30:00]} {[%emt 00:00:07]} d6 {[%clk 01:30:00]}
{[%emt 00:00:09]} 3. d4 {[%clk 01:30:00]} {[%emt 00:00:08]} cxd4 {[%clk
01:30:00]} {[%emt 00:00:06]} 4. Nxd4 {[%clk 01:30:00]} {[%emt 00:00:09]} Nf6
{[%clk 01:30:00]} {[%emt 00:00:10]} 5. Nc3 {[%clk 01:30:00]} {[%emt 00:00:10]}
a6 {[%clk 01:30:00]} {[%emt 00:00:06]} 6. Be3 {[%clk 01:29:40]} {[%emt
00:00:30]} e5 {[%clk 01:29:54]} {[%emt 00:00:14]} 7. Nb3 {[%clk 01:29:33]}
{[%emt 00:00:18]} Be6 {[%clk 01:29:47]} {[%emt 00:00:16]} 8. f3 {[%clk
01:29:18]} {[%emt 00:00:26]} Be7 {[%clk 01:28:29]} {[%emt 00:01:28]} 9. Qd2
{[%clk 01:28:47]} {[%emt 00:00:42]} O-O {[%clk 01:28:25]} {[%emt 00:00:14]} 10.
O-O-O {[%clk 01:26:57]} {[%emt 00:02:00]} b5 {[%clk 01:24:17]} {[%emt
00:04:17]} 11. g4 {[%clk 01:26:34]} {[%emt 00:00:32]} Nbd7 {[%clk 01:17:27]}
{[%emt 00:07:01]} 12. g5 {[%clk 01:10:23]} {[%emt 00:16:21]} Nh5 {[%clk
01:16:46]} {[%emt 00:00:52]} 13. Kb1 {[%clk 01:08:37]} {[%emt 00:01:55]} Nb6
{[%clk 00:59:39]} {[%emt 00:17:17]} 14. Nd5 {[%clk 01:07:36]} {[%emt 00:01:11]}
Nxd5 {[%clk 00:57:04]} {[%emt 00:02:46]} 15. exd5 {[%clk 01:07:36]} {[%emt
00:00:06]} Bf5 {[%clk 00:56:26]} {[%emt 00:00:48]} 16. Na5 {[%clk 01:05:16]}
{[%emt 00:02:30]} Bd7 {[%clk 00:51:23]} {[%emt 00:05:14]} 17. Bd3 {[%clk
00:57:43]} {[%emt 00:07:43]} Qc7 {[%clk 00:41:02]} {[%emt 00:10:29]} 18. Rhg1
{[%clk 00:51:45]} {[%emt 00:06:08]} Rab8 {[%clk 00:34:17]} {[%emt 00:06:54]} 19.
Be4 {[%clk 00:41:03]} {[%emt 00:10:54]} f5 {[%clk 00:19:56]} {[%emt 00:14:31]}
20. gxf6 {[%clk 00:41:00]} {[%emt 00:00:13]} Nxf6 {[%clk 00:17:31]} {[%emt
00:02:35]} 21. Bh6 {[%clk 00:39:54]} {[%emt 00:01:16]} Rf7 {[%clk 00:16:35]}
{[%emt 00:01:06]} 22. Nc6 {[%clk 00:13:41]} {[%emt 00:26:22]} Bxc6 {[%clk
00:15:44]} {[%emt 00:01:01]} 23. dxc6 {[%clk 00:12:18]} {[%emt 00:01:34]} Nxe4
{[%clk 00:14:30]} {[%emt 00:01:24]} 24. Qd5 {[%clk 00:12:18]} {[%emt 00:00:06]}
Kf8 {[%clk 00:08:34]} {[%emt 00:06:07]} 25. Rxg7 {[%clk 00:11:53]} {[%emt
00:00:34]} Rxg7 {[%clk 00:08:02]} {[%emt 00:00:43]} 26. fxe4 {[%clk 00:11:52]}
{[%emt 00:00:10]} Bg5 {[%clk 00:04:17]} {[%emt 00:03:55]} 27. Rf1+ {[%clk
00:10:28]} {[%emt 00:01:33]} Bf4 {[%clk 00:04:02]} {[%emt 00:00:26]} 28. Qe6
{[%clk 00:07:47]} {[%emt 00:02:52]} Re8 {[%clk 00:02:40]} {[%emt 00:01:31]} 29.
Bxg7+ {[%clk 00:06:49]} {[%emt 00:01:09]} Qxg7 {[%clk 00:02:25]} {[%emt
00:00:25]} 30. Qxd6+ {[%clk 00:06:47]} {[%emt 00:00:12]} Qe7 {[%clk 00:02:14]}
{[%emt 00:00:21]} 31. Qh6+ {[%clk 00:05:48]} {[%emt 00:01:10]} Qg7 {[%clk
00:01:54]} {[%emt 00:00:29]} 32. Qd6+ {[%clk 00:05:48]} {[%emt 00:00:03]} Qe7
{[%clk 00:01:51]} {[%emt 00:00:12]} 33. Qh6+ {[%clk 00:05:48]} {[%emt
00:00:05]} Qg7 {[%clk 00:01:51]} {[%emt 00:00:10]} 34. Qh3 {[%clk 00:05:48]}
{[%emt 00:00:04]} Kg8 {[%clk 00:01:31]} {[%emt 00:00:31]} 35. Rd1 {[%clk
00:05:46]} {[%emt 00:00:12]} Qe7 {[%clk 00:01:14]} {[%emt 00:00:27]} 36. Rd7
{[%clk 00:05:45]} {[%emt 00:00:12]} Rd8 {[%clk 00:00:33]} {[%emt 00:00:50]} 37.
Qg4+ {[%clk 00:05:40]} {[%emt 00:00:15]} 1-0

[Event "2025 National K-12 Grade Championship"]
[Site "Spokane, WI USA, United States"]
[Date "2025.12.13"]
[Round "3.9"]
[White "Willy, Stephen John"]
[Black "Bates, Evan"]
[Result "0-1"]
[TimeControl "G/90; d10"]
[WhiteTitle "FM"]
[WhiteFideId "30981468"]
[BlackFideId "39940160"]
[WhiteElo "2313"]
[BlackElo "2082"]

1. Nc3 {[%clk 01:30:00]} {[%emt 00:00:02]} d5 {[%clk 01:29:58]} {[%emt
00:00:12]} 2. d4 {[%clk 01:30:00]} {[%emt 00:00:10]} Nf6 {[%clk 01:29:58]}
{[%emt 00:00:10]} 3. Bf4 {[%clk 01:30:00]} {[%emt 00:00:08]} c5 {[%clk
01:29:58]} {[%emt 00:00:09]} 4. e4 {[%clk 01:29:59]} {[%emt 00:00:11]} cxd4
{[%clk 01:29:58]} {[%emt 00:00:08]} 5. Qxd4 {[%clk 01:29:59]} {[%emt 00:00:10]}
Nc6 {[%clk 01:29:58]} {[%emt 00:00:06]} 6. Bb5 {[%clk 01:28:54]} {[%emt
00:01:15]} Bd7 {[%clk 01:29:42]} {[%emt 00:00:26]} 7. Bxc6 {[%clk 01:28:52]}
{[%emt 00:00:12]} Bxc6 {[%clk 01:29:22]} {[%emt 00:00:31]} 8. e5 {[%clk
01:28:52]} {[%emt 00:00:07]} Nd7 {[%clk 01:29:04]} {[%emt 00:00:27]} 9. e6
{[%clk 01:27:53]} {[%emt 00:01:10]} fxe6 {[%clk 01:29:04]} {[%emt 00:00:07]} 10.
Nf3 {[%clk 01:27:21]} {[%emt 00:00:42]} Qb6 {[%clk 01:28:51]} {[%emt 00:00:23]}
11. Qxb6 {[%clk 01:24:38]} {[%emt 00:02:53]} axb6 {[%clk 01:21:26]} {[%emt
00:07:35]} 12. O-O-O {[%clk 01:16:41]} {[%emt 00:08:05]} h6 {[%clk 01:16:22]}
{[%emt 00:05:14]} 13. Rhe1 {[%clk 01:13:52]} {[%emt 00:02:59]} g5 {[%clk
01:15:19]} {[%emt 00:01:14]} 14. Bg3 {[%clk 01:12:44]} {[%emt 00:01:18]} Kf7
{[%clk 01:09:40]} {[%emt 00:05:49]} 15. Ne5+ {[%clk 01:06:46]} {[%emt
00:06:08]} Nxe5 {[%clk 01:08:34]} {[%emt 00:01:16]} 16. Bxe5 {[%clk 01:06:46]}
{[%emt 00:00:06]} Rg8 {[%clk 01:08:09]} {[%emt 00:00:35]} 17. g4 {[%clk
00:57:04]} {[%emt 00:09:52]} Bg7 {[%clk 01:01:46]} {[%emt 00:06:34]} 18. Bxg7
{[%clk 00:48:24]} {[%emt 00:08:49]} Rxg7 {[%clk 01:01:35]} {[%emt 00:00:21]} 19.
a3 {[%clk 00:48:16]} {[%emt 00:00:19]} Rg6 {[%clk 01:00:38]} {[%emt 00:01:06]}
20. Ne2 {[%clk 00:46:40]} {[%emt 00:01:46]} e5 {[%clk 00:55:30]} {[%emt
00:05:19]} 21. Nc3 {[%clk 00:45:11]} {[%emt 00:01:38]} d4 {[%clk 00:55:15]}
{[%emt 00:00:25]} 22. Ne4 {[%clk 00:45:06]} {[%emt 00:00:15]} Bxe4 {[%clk
00:54:53]} {[%emt 00:00:33]} 23. Rxe4 {[%clk 00:45:06]} {[%emt 00:00:01]} Re6
{[%clk 00:54:16]} {[%emt 00:00:47]} 24. Rd3 {[%clk 00:43:08]} {[%emt 00:02:07]}
Ra5 {[%clk 00:52:27]} {[%emt 00:02:00]} 25. b4 {[%clk 00:37:23]} {[%emt
00:05:55]} Rd5 {[%clk 00:51:40]} {[%emt 00:00:56]} 26. Kb2 {[%clk 00:37:11]}
{[%emt 00:00:22]} Rf6 {[%clk 00:50:38]} {[%emt 00:01:13]} 27. f3 {[%clk
00:36:47]} {[%emt 00:00:34]} Rc6 {[%clk 00:49:11]} {[%emt 00:01:36]} 28. a4
{[%clk 00:36:22]} {[%emt 00:00:35]} b5 {[%clk 00:48:18]} {[%emt 00:01:04]} 29.
a5 {[%clk 00:35:31]} {[%emt 00:01:02]} Rc4 {[%clk 00:48:01]} {[%emt 00:00:26]}
30. Kb3 {[%clk 00:35:29]} {[%emt 00:00:12]} Kf6 {[%clk 00:47:52]} {[%emt
00:00:19]} 31. c3 {[%clk 00:29:40]} {[%emt 00:05:59]} Rd6 {[%clk 00:45:58]}
{[%emt 00:02:03]} 32. cxd4 {[%clk 00:29:02]} {[%emt 00:00:48]} Rdxd4 {[%clk
00:45:38]} {[%emt 00:00:31]} 33. Rdxd4 {[%clk 00:27:43]} {[%emt 00:01:30]} exd4
{[%clk 00:42:46]} {[%emt 00:03:02]} 34. f4 {[%clk 00:27:38]} {[%emt 00:00:15]}
e6 {[%clk 00:41:49]} {[%emt 00:01:06]} 35. h3 {[%clk 00:24:38]} {[%emt
00:03:09]} gxf4 {[%clk 00:38:50]} {[%emt 00:03:10]} 36. Rxf4+ {[%clk 00:24:29]}
{[%emt 00:00:19]} Ke5 {[%clk 00:35:47]} {[%emt 00:03:13]} 37. Rf7 {[%clk
00:24:10]} {[%emt 00:00:29]} d3 {[%clk 00:35:38]} {[%emt 00:00:18]} 38. Rf1
{[%clk 00:22:12]} {[%emt 00:02:09]} Kd4 {[%clk 00:34:10]} {[%emt 00:01:37]} 39.
h4 {[%clk 00:22:07]} {[%emt 00:00:17]} Rc3+ {[%clk 00:33:21]} {[%emt 00:00:58]}
40. Kb2 {[%clk 00:22:07]} {[%emt 00:00:06]} Rc2+ {[%clk 00:33:21]} {[%emt
00:00:04]} 41. Kb3 {[%clk 00:22:01]} {[%emt 00:00:15]} Rg2 {[%clk 00:33:09]}
{[%emt 00:00:22]} 42. Rf7 {[%clk 00:21:40]} {[%emt 00:00:30]} Ke3 {[%clk
00:31:26]} {[%emt 00:01:54]} 43. Rxb7 {[%clk 00:21:30]} {[%emt 00:00:21]} d2
{[%clk 00:31:26]} {[%emt 00:00:10]} 44. Rd7 {[%clk 00:21:30]} {[%emt 00:00:06]}
Rg1 {[%clk 00:31:26]} {[%emt 00:00:04]} 0-1

[Event "2025 National K-12 Grade Championship"]
[Site "Spokane, WI USA, United States"]
[Date "2025.12.13"]
[Round "3.10"]
[White "Lad, Neil"]
[Black "Suarez, Sebastian"]
[Result "0-1"]
[TimeControl "G/90; d10"]
[WhiteFideId "30976154"]
[BlackFideId "30979080"]
[WhiteElo "2095"]
[BlackElo "2299"]

1. d4 {[%clk 01:30:00]} {[%emt 00:00:03]} d5 {[%clk 01:24:53]} {[%emt
00:05:17]} 2. Bf4 {[%clk 01:30:00]} {[%emt 00:00:07]} Nf6 {[%clk 01:24:30]}
{[%emt 00:00:34]} 3. Nc3 {[%clk 01:29:52]} {[%emt 00:00:17]} a6 {[%clk
01:24:25]} {[%emt 00:00:16]} 4. e3 {[%clk 01:29:52]} {[%emt 00:00:05]} b5
{[%clk 01:24:03]} {[%emt 00:00:32]} 5. h4 {[%clk 01:29:03]} {[%emt 00:00:59]}
e6 {[%clk 01:20:55]} {[%emt 00:03:18]} 6. Nf3 {[%clk 01:15:21]} {[%emt
00:13:51]} Nbd7 {[%clk 01:16:24]} {[%emt 00:04:42]} 7. Ne5 {[%clk 01:02:38]}
{[%emt 00:12:52]} Bb7 {[%clk 01:13:20]} {[%emt 00:03:15]} 8. g4 {[%clk
00:53:22]} {[%emt 00:09:26]} h6 {[%clk 01:07:58]} {[%emt 00:05:31]} 9. Bg2
{[%clk 00:49:22]} {[%emt 00:04:10]} Nxe5 {[%clk 01:05:45]} {[%emt 00:02:24]} 10.
Bxe5 {[%clk 00:46:50]} {[%emt 00:02:42]} Nd7 {[%clk 01:05:42]} {[%emt
00:00:13]} 11. Bg3 {[%clk 00:44:07]} {[%emt 00:02:52]} c5 {[%clk 01:03:14]}
{[%emt 00:02:40]} 12. Ne2 {[%clk 00:39:31]} {[%emt 00:04:44]} Be7 {[%clk
00:58:31]} {[%emt 00:04:54]} 13. Nf4 {[%clk 00:33:41]} {[%emt 00:05:59]} Rc8
{[%clk 00:44:16]} {[%emt 00:14:25]} 14. c3 {[%clk 00:27:10]} {[%emt 00:06:41]}
b4 {[%clk 00:40:49]} {[%emt 00:03:38]} 15. Nd3 {[%clk 00:23:16]} {[%emt
00:04:02]} a5 {[%clk 00:36:12]} {[%emt 00:04:49]} 16. dxc5 {[%clk 00:19:03]}
{[%emt 00:04:22]} bxc3 {[%clk 00:34:50]} {[%emt 00:01:33]} 17. bxc3 {[%clk
00:18:51]} {[%emt 00:00:21]} Nxc5 {[%clk 00:33:52]} {[%emt 00:01:09]} 18. Nxc5
{[%clk 00:16:30]} {[%emt 00:02:30]} Rxc5 {[%clk 00:33:35]} {[%emt 00:00:28]} 19.
Rb1 {[%clk 00:16:07]} {[%emt 00:00:32]} Qd7 {[%clk 00:28:10]} {[%emt 00:05:35]}
20. O-O {[%clk 00:15:07]} {[%emt 00:01:10]} O-O {[%clk 00:28:06]} {[%emt
00:00:15]} 21. Qd2 {[%clk 00:13:35]} {[%emt 00:01:41]} Bf6 {[%clk 00:26:01]}
{[%emt 00:02:15]} 22. Rb6 {[%clk 00:08:09]} {[%emt 00:05:36]} Rb5 {[%clk
00:15:35]} {[%emt 00:10:37]} 23. Rb1 {[%clk 00:07:01]} {[%emt 00:01:18]} Rxb1+
{[%clk 00:15:06]} {[%emt 00:00:39]} 24. Rxb1 {[%clk 00:07:01]} {[%emt
00:00:06]} Rc8 {[%clk 00:12:21]} {[%emt 00:02:54]} 25. c4 {[%clk 00:06:15]}
{[%emt 00:00:56]} Rxc4 {[%clk 00:10:13]} {[%emt 00:02:19]} 26. Qxa5 {[%clk
00:06:15]} {[%emt 00:00:04]} Bc6 {[%clk 00:05:50]} {[%emt 00:04:33]} 27. Bf3
{[%clk 00:05:33]} {[%emt 00:00:51]} d4 {[%clk 00:05:22]} {[%emt 00:00:39]} 28.
Bxc6 {[%clk 00:05:06]} {[%emt 00:00:37]} Qxc6 {[%clk 00:05:22]} {[%emt
00:00:01]} 29. exd4 {[%clk 00:05:00]} {[%emt 00:00:16]} Rxd4 {[%clk 00:04:59]}
{[%emt 00:00:33]} 30. Qh5 {[%clk 00:02:41]} {[%emt 00:02:29]} Qf3 {[%clk
00:03:32]} {[%emt 00:01:37]} 31. Kh2 {[%clk 00:01:28]} {[%emt 00:01:24]} Rxg4
{[%clk 00:01:57]} {[%emt 00:01:45]} 32. Rb4 {[%clk 00:00:25]} {[%emt 00:01:12]}
Rxg3 {[%clk 00:01:23]} {[%emt 00:00:44]} 0-1